| 000 | 00563nam a2200169 a 4500 | ||
|---|---|---|---|
| 001 | 000048922 | ||
| 005 | 20201002061519.0 | ||
| 008 | 190502s2016 dr abg r 000 0 spa d | ||
| 020 | _a9780692822562 | ||
| 040 |
_aDO-SdBNP _bspa _cBNPHU |
||
| 082 |
_axxxx _bxxxx |
||
| 100 | 1 |
_aBorrás, Yolanda _976359 |
|
| 245 | 1 | 4 |
_aLos pajaritos : _bcanción ilustrada / _cYolanda Borrás ; ilustraciones David Hicok. |
| 260 |
_a[s.l.] : _bI´mbilingual, _c2016. |
||
| 300 |
_a33 p. : _bil., retr. y mús. ; _c28 cm. |
||
| 500 | _aIncluye datos biográficos de la autora en la p. 33 | ||
| 999 |
_c48410 _d48410 |
||